LEADER 01935nam 2200385 450 001 9910774718103321 005 20230329170513.0 035 $a(CKB)5840000000090568 035 $a(NjHacI)995840000000090568 035 $a(EXLCZ)995840000000090568 100 $a20230329d2022 uy 0 101 0 $aita 135 $aur||||||||||| 181 $ctxt$2rdacontent 182 $cc$2rdamedia 183 $acr$2rdacarrier 200 10$aStudi slavistici tra linguistica, dialettologia e filologia /$fRosanna Benacchio [and six others] 210 1$aFlorence :$cFirenze University Press,$d2022. 210 4$d©2022 215 $a1 online resource (282 pages) 225 1 $aBiblioteca di Studi Slavistici 311 $a88-5518-568-3 320 $aIncludes bibliographical references and index. 330 $aThe volume contains a selection of some of the most representative works from Rosanna Benacchio's extensive scientific production. It is divided into three parts, the first one being dedicated to the category of verbal aspect in the Slavic languages. The second part deals with Slavic minority varieties spoken in Italy, in particular the Slovene dialects of Friuli and Molise Slavic. The third part focuses on three linguistic phenomena that are analysed from a diachronic perspective: the referential usage of the personal pronoun Vy in the Petrine era; the use of clitic pronouns in the Slavic languages; the formation of the definite article in the Slovene area based on the evidence of the Resian Catechism of the 18th century. 410 0$aBiblioteca di Studi Slavistici. 606 $aSlavic languages$xVerb 615 0$aSlavic languages$xVerb. 676 $a491.8 700 $aBenacchio$b Rosanna$01346911 801 0$bNjHacI 801 1$bNjHacl 906 $aBOOK 912 $a9910774718103321 996 $aStudi slavistici tra linguistica, dialettologia e filologia$93081157 997 $aUNINA LEADER 02622nam 22008293 450 001 9910146203903321 005 20200320100105.0 010 $a88-8304-118-6 035 $a(CKB)1000000000279881 035 $a(ItFiC)it 99470837 035 $a(SSID)ssj0000576733 035 $a(PQKBManifestationID)12226335 035 $a(PQKBTitleCode)TC0000576733 035 $a(PQKBWorkID)10567470 035 $a(PQKB)10078133 035 $a(EXLCZ)991000000000279881 100 $a20060829d1999 uy 0 101 0 $aita 181 $ctxt 182 $cc 183 $acr 200 00$aAlambicchi di parole$b[electronic resource] $eil Ricettario fiorentino e dintorni : Firenze, Biblioteca Riccardiana, 18 ottobre 1999-15 gennaio 2000 /$fa cura di Giovanna Lazzi, Mino Gabriele 210 $aFirenze $cPolistampa$d1999 215 $a270 p. $ccol. ill 300 $aExhibition catalogue. 300 $aIntroductory texts (pp. 11-104). 320 $aIncludes bibliographical references. 517 $aAlambicchi di parole 606 $aPrescriptions 606 $aHealth Occupations 606 $aDrug Therapy 606 $aHistory 606 $aTherapeutics 606 $aHumanities 606 $aDisciplines and Occupations 606 $aPharmaceutical Services 606 $aAnalytical, Diagnostic and Therapeutic Techniques and Equipment 606 $aHealth Services 606 $aHealth Care Facilities Workforce and Services 606 $aDelivery of Health Care 606 $aDrug Prescriptions 606 $aHistory, Modern 1601- 606 $aPharmacy 606 $aGeneral$2HILCC 606 $aBibliography - General$2HILCC 615 2$aPrescriptions. 615 2$aHealth Occupations. 615 2$aDrug Therapy. 615 2$aHistory. 615 2$aTherapeutics. 615 2$aHumanities. 615 2$aDisciplines and Occupations 615 2$aPharmaceutical Services. 615 2$aAnalytical, Diagnostic and Therapeutic Techniques and Equipment 615 2$aHealth Services. 615 2$aHealth Care Facilities Workforce and Services. 615 2$aDelivery of Health Care. 615 2$aDrug Prescriptions. 615 2$aHistory, Modern 1601- 615 2$aPharmacy. 615 7$aGeneral 615 7$aBibliography - General 676 $a016 702 $aLazzi$b Giovanna 702 $aGabriele$b Mino 712 02$aItaly Ministero per i beni e le attivitą culturali. 801 0$bItFiC 801 1$bItFiC 906 $aBOOK 912 $a9910146203903321 996 $aAlambicchi di parole$92438222 997 $aUNINA